Statystyki dla Znane cytaty filmowe po polsku

Kliknij tutaj aby rozwiązać quiz!

Ogólne statystyki

  • Ten quiz został rozwiązany 268 razy
  • Średni wynik to 10 z 26

Statystyki odpowiedzi

RokCytatTytuł filmu% Poprawnych
2006To jest Sparta!300
81%
1980Nie. Ja jestem twoim ojcem!Gwiezdne Wojny
74%
1994Mama zawsze mówiła, że życie jest jak pudełko czekoladek.
Nigdy nie wiesz, na co trafisz.
Forrest Gump
71%
1972Złożę mu propozycję, nie do odrzucenia.Ojciec Chrzestny
57%
2001Nie przejdziesz!Władca Pierścieni
50%
1997Jestem królem świata!Titanic
49%
1931To żyje! To żyje!Frankenstein
48%
1980Tu jest johnny!Lśnienie
46%
1991Zjadłem jego wątrobę z fasolką i wybornym Chianti.Milczenie Owiec
43%
1984Wrócę tu.Terminator
43%
1976Do mnie mówisz?Taksówkarz
42%
1995Na koniec świata i jeszcze dalej.Toy Story
42%
1939Szczerze mówiąc, moja droga, nic mnie to nie obchodzi.Przeminęło z Wiatrem
34%
1979Uwielbiam zapach napalmu o poranku.Czas Apokalipsy
32%
1999Widzę martwych ludzi.Szósty Zmysł
31%
2008Skąd ta powaga?Mroczny Rycerz
27%
1968Zabierz ode mnie swoje śmierdzące łapy, przeklęta, brudna małpo!Planeta Małp
27%
1939Toto, mam wrażenie, że nie jesteśmy już w Kansas.Czarnoksiężnik z Oz
26%
1999Łyżka nie istnieje.Matrix
24%
1976Yo, Adrian! Zrobiłem to!Rocky
24%
1983Przywitajcie się z moim małym przyjacielem!Człowiek z Blizną
23%
1975Będziesz potrzebował większej łodzi.Szczęki
23%
1995Mogą odebrać nam życie, ale nigdy nie odbiorą nam wolności.Braveheart
22%
1985Tam dokąd zmierzamy, drogi nie są potrzebne.Powrót do Przyszłości
18%
1971Musisz zadać sobie jedno pytanie: „Czy mam szczęście?”. Masz, gnojku?Brudny Harry
16%
1959Cóż, nikt nie jest doskonały.Pół żartem, pół serio
13%

Rozkład punktacji

Percentyl według liczby udzielonych odpowiedzi

Procent ludzi z każdym wynikiem

Twoja historia wyników

Nie rozwiązałeś tego quizu